| 000 | 00834cab a2200205 4500 | ||
|---|---|---|---|
| 001 | ABS44622 | ||
| 008 | 090401t1991 xxu||||| |||| 00| 0 eng d | ||
| 035 | _a(Sirsi) u48061 | ||
| 041 | _aeng | ||
| 100 | _aRobery, P. | ||
| 245 | _aAfter the fire : testing to minimise refurbishment costs | ||
| 260 | _c1991 | ||
| 350 | _a0 | ||
| 490 |
_aConstruction Maintenance & Repair _v5(3) May/June 1991, 17-219%) |
||
| 520 | _aDiscusses what action must be taken after a fire on a construction project to establish what structural damage has occurred and the effect of heat and smoke on finishes . Gives tables showing methods of testing steelwork and concrete for damage and how to plan a fire damage assessment. | ||
| 650 | _aCOSHH REGULATIONS | ||
| 690 | _aBUILT ENVIRONMENT-BUILDING STANDARDS | ||
| 942 | _n0 | ||
| 948 | _c04/03/1997 | ||
| 999 |
_c30202 _d30202 |
||